[Event "Championnat de la Loire 2024-2025"]
[Site "St Etienne"]
[Date "2024.12.14"]
[Round "4.1"]
[White "Meinsohn, Pierre"]
[Black "Hardy, Alain"]
[Result "1-0"]
[WhiteElo "2067"]
[BlackElo "1912"]
[PlyCount "29"]
[EventDate "2024.??.??"]

1. e4 c5 2. Nf3 Nc6 3. Bb5 a6 4. Bxc6 bxc6 5. d3 g6 6. O-O Bg7 7. Re1 d6 8. e5
d5 9. Be3 d4 10. Bf4 Bg4 11. Nbd2 Bxf3 12. Qxf3 Qd5 13. Qh3 e6 14. Nc4 Rd8 15.
Nb6 1-0

[Event "Championnat de la Loire 2024-2025"]
[Site "St Etienne"]
[Date "2024.12.14"]
[Round "4.2"]
[White "Bumba, Ovidiu"]
[Black "Alsafadi, Jad"]
[Result "1-0"]
[WhiteElo "1922"]
[BlackElo "1843"]
[PlyCount "97"]
[EventDate "2024.??.??"]

1. c4 c6 2. Nc3 Nf6 3. d4 d5 4. Nf3 dxc4 5. a4 Bf5 6. e3 e6 7. Bxc4 Bb4 8. Qb3
a5 9. O-O Qc7 10. Ne2 Nbd7 11. Ng3 Bg6 12. Rd1 O-O 13. Bd2 Bd6 14. Rac1 Bxg3
15. hxg3 Bh5 16. Be2 Ne4 17. Be1 Ndf6 18. Qc2 Nd6 19. Ne5 Bxe2 20. Qxe2 Rfd8
21. Qc2 h6 22. f3 Nf5 23. Bf2 Nd5 24. Qe4 (24. e4 Nfe3 25. Bxe3 Nxe3) 24... Re8
25. g4 Nd6 26. Qc2 f6 27. Nd3 Qb6 28. Nc5 Nb4 29. Qc3 Nd5 30. Qc2 Qc7 31. Bg3
Nxe3 32. Qb3 Nxd1 33. Rxd1 b6 34. Ne4 Rad8 35. Nxd6 Rxd6 36. Bxd6 Qxd6 37. Qxb6
Rb8 38. Qxa5 Rxb2 39. Qe1 Rb4 40. a5 Rxd4 41. Ra1 Kf7 42. a6 Qd8 43. a7 Qa8 44.
Qa5 Rd7 45. Qb6 Ke8 46. Qb8+ Rd8 47. Rb1 Kf7 48. Rb7+ Kg6 49. Qc7 1-0

[Event "Championnat de la Loire 2024-2025"]
[Site "St Etienne"]
[Date "2024.12.14"]
[Round "4.3"]
[White "Abdou, Ylyassa"]
[Black "Colin-Khuu, Vincent"]
[Result "0-1"]
[WhiteElo "1728"]
[BlackElo "1872"]
[PlyCount "144"]
[EventDate "2024.??.??"]

1. e4 d5 2. exd5 Qxd5 3. Nc3 Qa5 4. d4 c6 5. Nf3 Nf6 6. Be2 Bf5 7. Ne5 Nbd7 8.
Nc4 Qc7 9. Ne3 Bg6 10. h4 h6 11. Bd3 Bxd3 12. Qxd3 e6 13. Bd2 O-O-O 14. O-O-O
Ne5 15. Qe2 Rxd4 16. g3 Bb4 17. a3 Ba5 18. f4 Ng6 19. Nc4 Bxc3 20. Bxc3 Re4 21.
Qd3 Rd8 22. Qxd8+ Qxd8 23. Rxd8+ Kxd8 24. Rd1+ Kc7 25. Nd6 Re3 26. Be1 Rxe1 27.
Nb5+ (27. Rxe1 Kxd6) 27... cxb5 28. Rxe1 Ne7 29. g4 Nxg4 30. h5 Nf6 31. Re5
Nfd5 32. Re4 Kd6 33. Kd2 Nf5 34. c4 Ng3 35. Rd4 bxc4 36. Rxc4 Nxh5 37. f5 exf5
38. Rc8 Nhf6 39. Rf8 Ne4+ 40. Ke2 Ke7 41. Rb8 Nd6 42. Rh8 Ne8 43. b4 Ndc7 44.
a4 Kf6 45. b5 Ke6 46. a5 b6 47. axb6 axb6 48. Kf2 Ke7 49. Kf3 Nxb5 50. Kf4 Nd4
51. Ke5 b5 52. Rxe8+ Kxe8 53. Kxd4 f4 54. Kc5 f3 55. Kxb5 f2 56. Kc6 f1=Q 57.
Kd6 Qf6+ 58. Kd5 Qe6+ 59. Kd4 f5 60. Kd3 Qe4+ 61. Kd2 Ke7 62. Kc3 Qd5 63. Kc2
Qd4 64. Kb3 Qc5 65. Kb2 Qc4 66. Ka3 Qb5 67. Ka2 Qb4 68. Ka1 Kd6 69. Ka2 Kd5 70.
Ka1 Kc4 71. Ka2 Kc3 72. Ka1 Qb2# 0-1

[Event "Championnat de la Loire 2024-2025"]
[Site "St Etienne"]
[Date "2024.12.14"]
[Round "4.4"]
[White "Movsesian, Artur"]
[Black "Bouchut, Leo"]
[Result "1-0"]
[WhiteElo "2078"]
[BlackElo "1741"]
[PlyCount "55"]
[EventDate "2024.??.??"]

1. f4 d5 2. Nf3 Nc6 3. b3 Nf6 4. Bb2 Bf5 5. g3 e6 6. Bg2 Bc5 7. e3 Bg4 8. h3
Bxf3 9. Qxf3 Nb4 10. Na3 a5 11. Qe2 c6 12. c3 Na6 13. Nc2 b5 14. O-O Ne4 15.
Rf3 Qc7 16. c4 bxc4 17. bxc4 f6 18. Nd4 e5 19. fxe5 fxe5 20. Ne6 Qe7 21. cxd5
Nb4 22. Bxe5 Nxd5 23. Nxg7+ Kd7 24. d4 Ba7 25. Qa6 Qb4 26. Rf7+ Ne7 27. Bxe4
Bxd4 28. Qxc6+ 1-0

[Event "Championnat de la Loire 2024-2025"]
[Site "St Etienne"]
[Date "2024.12.14"]
[Round "4.5"]
[White "Philip, Sylvain"]
[Black "Hakobyan, Artur"]
[Result "1-0"]
[WhiteElo "1835"]
[BlackElo "1705"]
[PlyCount "91"]
[EventDate "2024.??.??"]

1. d4 d5 2. c4 dxc4 3. Nf3 Bg4 4. Ne5 Be6 5. e3 Nd7 6. Nxc4 Ngf6 7. Bd3 c5 8.
O-O Rc8 9. Qa4 cxd4 10. exd4 a6 11. Ne3 g6 12. Nc3 Rc6 13. d5 Nc5 14. Qd1 Nxd5
15. Ncxd5 Bxd5 16. Nxd5 Nxd3 17. Qxd3 Rd6 18. Qc3 f6 19. Nf4 Bg7 20. Be3 O-O
21. Qb3+ Rf7 22. Ne6 Qd7 23. Nxg7 Kxg7 24. Rad1 e5 25. Rxd6 Qxd6 26. Rd1 Qc7
27. Rc1 Qd7 28. h3 f5 29. Qc3 Qe6 30. Qc4 Qf6 31. f4 Rd7 32. fxe5 Qxe5 33. Qc3
Qxc3 34. Rxc3 Kf6 35. h4 Ke5 36. g3 Ke4 37. Kf2 h5 38. Bf4 Rd4 39. Rc2 Rb4 40.
b3 Rb5 41. Ke2 Kd5 42. Kd3 Ra5 43. Re2 Kc6 44. Re6+ Kb5 45. a4+ Kb4 46. Bd2+
1-0

[Event "Championnat de la Loire 2024-2025"]
[Site "St Etienne"]
[Date "2024.12.14"]
[Round "4.6"]
[White "Bumba, Daniel"]
[Black "Caron, Mickael"]
[Result "0-1"]
[WhiteElo "1654"]
[BlackElo "1803"]
[PlyCount "58"]
[EventDate "2024.??.??"]

1. Nf3 Nf6 2. g3 b5 3. Bg2 Bb7 4. d3 e6 5. Nbd2 Be7 6. O-O c5 7. b3 O-O 8. e4
d5 9. exd5 Nxd5 10. Bb2 Nd7 11. c4 Nb4 12. d4 Bf6 13. a3 Nc6 14. Ne4 Bxd4 15.
Nxd4 Nxd4 16. Bxd4 cxd4 17. Qxd4 bxc4 18. bxc4 Qc7 19. Rfc1 Kh8 20. Nd2 Bxg2
21. Kxg2 Nc5 22. Rab1 Rfd8 23. Qc3 Rd3 24. Qb2 Rad8 25. Nf1 h5 26. h4 Qc6+ 27.
Kg1 Rf3 28. Nh2 Nd3 29. Qc3 Rxf2 0-1

[Event "Championnat de la Loire 2024-2025"]
[Site "St Etienne"]
[Date "2024.12.14"]
[Round "4.7"]
[White "Noel, Nicolas"]
[Black "Vigne, Louis"]
[Result "1/2-1/2"]
[WhiteElo "1774"]
[BlackElo "1689"]
[PlyCount "58"]
[EventDate "2024.??.??"]

1. e4 c6 2. d4 d5 3. Nc3 dxe4 4. Nxe4 Nf6 5. Nxf6+ exf6 6. Be3 Be6 7. Bd3 Bd6
8. Ne2 Qd7 9. O-O O-O 10. c4 Na6 11. a3 Rfd8 12. Qc2 g6 13. Rfd1 Nc7 14. Nc3 b5
15. Ne4 Be7 16. Rac1 Rac8 17. Qe2 a6 18. h3 Ne8 19. Bb1 Bxc4 20. Qf3 Bd5 21.
Qg3 Ng7 22. Nc5 Bxc5 23. Rxc5 Nf5 24. Bxf5 Qxf5 25. Qf4 Qxf4 26. Bxf4 Re8 27.
f3 Re2 28. Rd2 Rce8 29. Rcc2 R2e6 1/2-1/2

[Event "Championnat de la Loire 2024-2025"]
[Site "St Etienne"]
[Date "2024.12.14"]
[Round "4.8"]
[White "Belhadj, Jeremie"]
[Black "Frey, Thierry"]
[Result "0-1"]
[WhiteElo "1645"]
[BlackElo "1754"]
[PlyCount "102"]
[EventDate "2024.??.??"]

1. d4 Nf6 2. Bf4 c5 3. e3 Qb6 4. b3 cxd4 5. Qxd4 Nc6 6. Qxb6 axb6 7. Nf3 Nb4 8.
Bd3 Rxa2 9. Rxa2 Nxa2 10. O-O Nb4 11. Nbd2 d6 12. Bg3 e5 13. Bb5+ Bd7 14. Bxd7+
Kxd7 15. c4 Be7 16. Rd1 Kc6 17. Bxe5 dxe5 18. Nxe5+ Kc7 19. Nxf7 Rf8 20. Ne5
Nc6 21. Ndf3 Bd6 22. Nd3 Na5 23. Nd4 Re8 24. Nb5+ Kc6 25. Nxd6 Kxd6 26. g3 Kc7
27. b4 Nxc4 28. Rc1 b5 29. Nb2 Re4 30. Kf1 Kb6 31. Nxc4+ Rxc4 32. Rb1 Nd5 33.
Rd1 Kc6 34. h4 Rxb4 35. Rc1+ Rc4 36. Ra1 Kb6 37. Ke2 b4 38. f4 b3 39. Kd3 Rb4
40. e4 Ne7 41. e5 b2 42. Rb1 Kb5 43. Kc2 Nf5 44. Rxb2 Rxb2+ 45. Kxb2 Nxg3 46.
e6 Nf5 47. h5 Kc6 48. Kc3 Kd6 49. Kc4 Kxe6 50. Kc5 Ng3 51. Kb6 Nxh5 0-1

[Event "Championnat de la Loire 2024-2025"]
[Site "St Etienne"]
[Date "2024.12.14"]
[Round "4.9"]
[White "Morfin, Mathis"]
[Black "Valette, Thomas"]
[Result "1/2-1/2"]
[WhiteElo "1742"]
[BlackElo "1606"]
[PlyCount "62"]
[EventDate "2024.??.??"]

1. e4 c5 2. Nf3 e6 3. d4 cxd4 4. Nxd4 Nf6 5. Nc3 Bb4 6. Bd3 a6 7. O-O Qc7 8.
Bd2 Nc6 9. Nxc6 dxc6 10. a3 Be7 11. Re1 e5 12. h3 Be6 13. Qe2 b5 14. Kh1 h5 15.
b4 h4 16. a4 O-O 17. axb5 axb5 18. Qf3 Rfe8 19. Ne2 Qb7 20. Ng1 Ra4 21. Qe2
Bxb4 22. Bxb4 Rxb4 23. Nf3 Bc4 24. Nxh4 Bxd3 25. cxd3 Rd4 26. Nf5 Rdd8 27. Red1
g6 28. Ne3 Rb8 29. Rab1 Qe7 30. Qc2 Rec8 31. Rb3 c5 1/2-1/2

[Event "Championnat de la Loire 2024-2025"]
[Site "St Etienne"]
[Date "2024.12.14"]
[Round "4.10"]
[White "Dequidt, Joseph"]
[Black "Hamelin, Ivan"]
[Result "0-1"]
[WhiteElo "1655"]
[BlackElo "1862"]
[PlyCount "50"]
[EventDate "2024.??.??"]

1. e4 e5 2. Nc3 Nc6 3. Bc4 Nf6 4. d3 Bc5 5. Nf3 h6 6. a3 a6 7. Bd2 d6 8. h3 Qe7
9. Qe2 Be6 10. Bxe6 Qxe6 11. Be3 Bxe3 12. Qxe3 d5 13. exd5 Nxd5 14. Nxd5 Qxd5
15. O-O O-O 16. Rfe1 Rfe8 17. Qe4 Qb5 18. b3 Rad8 19. Rad1 Qc5 20. d4 exd4 21.
Qxe8+ Rxe8 22. Rxe8+ Kh7 23. Re2 Qxa3 24. Nxd4 Nxd4 25. Rxd4 Qa1+ 0-1

[Event "Championnat de la Loire 2024-2025"]
[Site "St Etienne"]
[Date "2024.12.14"]
[Round "4.11"]
[White "Megnot, Philippe"]
[Black "Guichard, Thomas"]
[Result "1-0"]
[WhiteElo "1612"]
[BlackElo "1791"]
[PlyCount "87"]
[EventDate "2024.??.??"]

1. e4 e6 2. d4 d5 3. exd5 exd5 4. Bd3 Bd6 5. Nf3 Ne7 6. Bg5 f6 7. Bh4 Nbc6 8.
c3 Bg4 9. Nbd2 Qd7 10. Qc2 Bf5 11. Bg3 Qe6+ 12. Kd1 Bxd3 13. Qxd3 O-O-O 14. Re1
Qg4 15. Kc2 Rhe8 16. Re2 Ng6 17. Rc1 Re7 18. Rxe7 Ncxe7 19. a4 Qd7 20. a5 Qa4+
21. Nb3 a6 22. Ra1 Qc6 23. Bxd6 Rxd6 24. g3 Qd7 25. Nc5 Qh3 26. Re1 Qg2 27. Re2
Qf1 28. h4 Qh3 29. b4 c6 30. Na4 Re6 31. Nb6+ Kc7 32. Nd2 Rxe2 33. Qxe2 Qf5+
34. Kb2 Nc8 35. Nxc8 Qxc8 36. h5 Nf8 37. Qe7+ Kb8 38. Qxg7 Qd8 39. Nb3 Qe8 40.
Ka3 Nd7 41. Qxh7 b6 42. h6 c5 43. Qg7 c4 44. h7 1-0

[Event "Championnat de la Loire 2024-2025"]
[Site "St Etienne"]
[Date "2024.12.14"]
[Round "4.12"]
[White "Bellotti, Laurent"]
[Black "Boeuf, Jean-Julien"]
[Result "0-1"]
[WhiteElo "1672"]
[BlackElo "1657"]
[PlyCount "160"]
[EventDate "2024.??.??"]

1. d4 d5 2. c4 e5 3. dxe5 d4 4. Nf3 Nc6 5. e3 Bb4+ 6. Bd2 dxe3 7. Bxb4 exf2+ 8.
Ke2 Qxd1+ 9. Kxd1 Nxb4 10. a3 Nc6 11. Nc3 Bf5 12. Ke2 O-O-O 13. Kxf2 Nge7 14.
Re1 h6 15. Re3 Ng6 16. h3 Rhe8 17. g4 Bd7 18. g5 Ngxe5 19. gxh6 gxh6 20. Nd5
Nxf3 21. Kxf3 Nd4+ 22. Kf2 Bc6 23. Bg2 Rxe3 24. Kxe3 Nf5+ 25. Kf4 Nh4 26. Ne7+
Kd7 27. Bxc6+ Kxe7 28. Bxb7 Rd4+ 29. Ke3 Rxc4 30. Rf1 f6 31. Be4 Rc5 32. Rf4
Rh5 33. Kf2 Ke6 34. Kg3 Ke5 35. Bc2 Nf5+ 36. Bxf5 Rxf5 37. Ra4 Rg5+ 38. Kf3
Rf5+ 39. Ke3 Kd6 40. Rxa7 Rh5 41. a4 Rxh3+ 42. Kf4 Rb3 43. Kf5 Rxb2 44. a5 Ra2
45. Kxf6 c5 46. Ra8 Kc7 47. Ke5 Kb7 48. Rh8 Kc6 49. Rxh6+ Kb5 50. Kd5 Rd2+ 51.
Ke4 Kxa5 52. Rh1 c4 53. Ke3 c3 54. Rc1 Kb4 55. Rb1+ Rb2 56. Rc1 Kc4 57. Rd1 c2
58. Rd4+ Kb3 59. Kd2 Rb1 60. Rd3+ Kb2 61. Rc3 c1=Q+ 62. Rxc1 Rxc1 63. Kd3 Rc3+
64. Kd4 Kb3 65. Kd5 Rc4 66. Kd6 Kb4 67. Kd7 Rc5 68. Kd6 Kb5 69. Ke6 Kc6 70. Ke7
Rd5 71. Ke6 Kc5 72. Ke7 Rd6 73. Ke8 Kc6 74. Ke7 Kc7 75. Ke8 Rd7 76. Kf8 Kd6 77.
Kg8 Ke6 78. Kf8 Ra7 79. Kg8 Kf6 80. Kh8 Kg6 0-1

[Event "Championnat de la Loire 2024-2025"]
[Site "St Etienne"]
[Date "2024.12.14"]
[Round "4.13"]
[White "Vier, Serge"]
[Black "Contant, Nathan"]
[Result "1-0"]
[WhiteElo "1661"]
[BlackElo "1399"]
[PlyCount "47"]
[EventDate "2024.??.??"]

1. d4 f5 2. c4 Nf6 3. Nc3 g6 4. Nf3 Bg7 5. Bf4 O-O 6. d5 d6 7. e3 e5 8. dxe6
Bxe6 9. Be2 Nc6 10. O-O Nh5 11. Bg5 Qe8 12. Nd5 Qf7 13. Rc1 Nf6 14. Nxf6+ Bxf6
15. Bh6 Rfe8 16. Ng5 Bxg5 17. Bxg5 Qg7 18. b3 h6 19. Bh4 g5 20. Bg3 Rad8 21.
Qc2 Ne5 22. Rfd1 Bf7 23. h3 Bg6 24. Qd2 {coup suivant illisible} 1-0

[Event "Championnat de la Loire 2024-2025"]
[Site "St Etienne"]
[Date "2024.12.14"]
[Round "4.14"]
[White "Grolleau, Tao"]
[Black "Joly, Christian"]
[Result "1-0"]
[WhiteElo "1540"]
[BlackElo "1660"]
[PlyCount "75"]
[EventDate "2024.??.??"]

1. d4 Nf6 2. Nf3 g6 3. Bf4 Bg7 4. e3 O-O 5. Bd3 d6 6. c3 b6 7. Nbd2 Bb7 8. Qc2
Nbd7 9. h4 c5 10. O-O-O Ng4 11. Ne4 d5 12. Neg5 h6 13. Nh3 c4 14. Be2 a5 15.
Nd2 Ngf6 16. Rdg1 b5 17. g4 Ne4 18. Nxe4 dxe4 19. Rf1 e5 20. Bg3 exd4 21. exd4
e3 22. f3 b4 23. Bxc4 bxc3 24. bxc3 Nb6 25. Be2 Nd5 26. Kd1 a4 27. Nf4 a3 28.
Nxd5 Bxd5 29. Bf4 Re8 30. Ke1 Rb8 31. Bxb8 Qxb8 32. Bd3 Qg3+ 33. Kd1 Bxf3+ 34.
Be2 Be4 35. Qb3 $2 Qc7 (35... Rb8 {et les noir perdent} 36. Qxf7+ Kh7 37. Bb5
Rxb5 38. Rhg1 Rb1+ 39. Ke2 Rb2+ 40. Kd1 e2+ 41. Kc1 Qxc3# {entre autre}) 36.
Rxf7 Qxf7 37. Bc4 Bc2+ 38. Kxc2 1-0

[Event "Championnat de la Loire 2024-2025"]
[Site "St Etienne"]
[Date "2024.12.14"]
[Round "4.15"]
[White "Rios, Pedro"]
[Black "Brachet, Gerard"]
[Result "1-0"]
[WhiteElo "1745"]
[BlackElo "1541"]
[PlyCount "85"]
[EventDate "2024.??.??"]

1. f4 d5 2. Nf3 Nf6 3. b3 Nc6 4. e3 a6 5. Bb2 b5 6. d3 e6 7. Nbd2 Bc5 8. Nd4
Bb7 9. Nxc6 Bxc6 10. Qe2 O-O 11. h3 d4 12. e4 Re8 13. Nf3 Bb4+ 14. Nd2 Bc3 15.
O-O-O Bxb2+ 16. Kxb2 Qe7 17. Ra1 Qb4 18. Nb1 a5 19. a3 Qc5 20. g4 b4 21. Bg2
Ra6 22. e5 Nd5 23. Bxd5 Bxd5 24. Rf1 a4 25. axb4 Qxb4 26. Qd2 Qxd2 27. Nxd2
Rea8 28. Ra3 c5 29. Rfa1 Bb7 30. Rxa4 Rxa4 31. Rxa4 Rxa4 32. bxa4 Ba6 33. Kb3
h6 34. Ne4 f5 35. exf6 gxf6 36. Nxc5 Bc8 37. a5 e5 38. f5 Kf7 39. a6 Bxa6 40.
Nxa6 Ke7 41. Kc4 Kd6 42. Nc5 Kc6 43. Ne4 1-0

[Event "Championnat de la Loire 2024-2025"]
[Site "St Etienne"]
[Date "2024.12.14"]
[Round "4.16"]
[White "Minchilli, Franco"]
[Black "Moulin, Aymeric"]
[Result "0-1"]
[WhiteElo "1712"]
[BlackElo "1492"]
[PlyCount "94"]
[EventDate "2024.??.??"]

1. d4 Nf6 2. Nf3 d5 3. Bf4 c5 4. c3 Qb6 5. Qc1 cxd4 6. Nxd4 Nbd7 7. Nb3 e5 8.
Be3 Nc5 9. Qc2 Ng4 10. Bxc5 Bxc5 11. Nxc5 Qxc5 12. Qa4+ Bd7 13. Qxg4 Bxg4 14.
h3 Bf5 15. e3 a6 16. Nd2 O-O 17. Be2 Rfd8 18. O-O Rac8 19. Nf3 e4 20. Nd4 Bd7
21. Rad1 Bc6 22. Bg4 Rc7 23. Rd2 Qd6 24. Rfd1 Qg6 25. Bf5 Qg5 26. Bg4 h5 27.
Be2 Rcd7 28. Bf1 Rd6 29. Ne2 Bb5 30. Ng3 Bxf1 31. Kxf1 f5 32. Ne2 Qh4 33. Nd4
Qf6 34. b3 g5 35. Ne2 f4 36. exf4 gxf4 37. Rd4 f3 38. Ng3 fxg2+ 39. Kg1 h4 40.
Ne2 Rf8 41. f4 exf3 42. Rg4+ Kh7 43. Nf4 Qxf4 44. Kf2 Qxg4 45. hxg4 h3 46. c4
h2 47. c5 Rd7 0-1

[Event "Championnat de la Loire 2024-2025"]
[Site "St Etienne"]
[Date "2024.12.14"]
[Round "4.17"]
[White "Bonaventura, Christian"]
[Black "Chaduc, Pierre-Henri"]
[Result "1-0"]
[WhiteElo "1701"]
[BlackElo "1399"]
[PlyCount "71"]
[EventDate "2024.??.??"]

1. e4 e5 2. Nf3 Nf6 3. Nc3 d6 4. d4 Nbd7 5. Bc4 h6 6. O-O Be7 7. Re1 Nb6 8. Bb3
Bd7 9. dxe5 Ng8 10. Be3 Bc6 11. Bf4 Qd7 12. exd6 cxd6 13. Qd3 O-O-O 14. Bxf7
Rf8 15. Bb3 Rxf4 16. Nd4 d5 17. Qg3 g5 18. Rad1 Rh7 19. Qd3 Bc5 20. Nf3 Re7 21.
exd5 Rxe1+ 22. Rxe1 Kc7 23. dxc6 Qxd3 24. cxd3 bxc6 25. Bxg8 g4 26. Re4 Rxe4
27. dxe4 gxf3 28. gxf3 Kd6 29. Kg2 Ke7 30. Kg3 Nd7 31. f4 Nf6 32. Bc4 Bd4 33.
e5 Nh5+ 34. Kg4 Ng7 35. f3 Kf8 36. e6 1-0

[Event "Championnat de la Loire 2024-2025"]
[Site "St Etienne"]
[Date "2024.12.14"]
[Round "4.18"]
[White "Barrandon, Georges"]
[Black "Daval, Frederic"]
[Result "1-0"]
[WhiteElo "1576"]
[BlackElo "1399"]
[PlyCount "57"]
[EventDate "2024.??.??"]

1. d4 d5 2. Nf3 Nf6 3. Nc3 Bf5 4. e3 Nc6 5. a3 e6 6. Bd3 Bxd3 7. cxd3 Bd6 8. h3
O-O 9. O-O e5 10. dxe5 Nxe5 11. Nxe5 Bxe5 12. f4 d4 13. fxe5 Nd5 14. Nxd5 Qxd5
15. e4 Qxe5 16. Bf4 Qb5 17. b4 c6 18. Bd6 Rfd8 19. Rf5 Qb6 20. Bc5 Qc7 21. b5
cxb5 22. Qb3 Rf8 23. Bxf8 Rxf8 24. Raf1 h6 25. Rxb5 a6 26. Rxb7 Qd8 27. Rfxf7
Kh8 28. Rxg7 Rg8 29. Rh7# 1-0

[Event "Championnat de la Loire 2024-2025"]
[Site "St Etienne"]
[Date "2024.12.14"]
[Round "4.19"]
[White "Libiszewski, Christian"]
[Black "Trottet, Francois"]
[Result "0-1"]
[WhiteElo "1522"]
[BlackElo "1566"]
[PlyCount "58"]
[EventDate "2024.??.??"]

1. e4 c5 2. c3 d6 3. d4 cxd4 4. cxd4 Nc6 5. Nf3 a6 6. Nc3 Bg4 7. Be3 Nf6 8. Bd3
e6 9. h3 Bh5 10. g4 Bg6 11. Nh4 Be7 12. Nxg6 fxg6 13. a3 O-O 14. Qe2 e5 15.
dxe5 Nxe5 16. O-O-O Nxd3+ 17. Rxd3 Rc8 18. Kb1 h6 19. Rhd1 Nd7 20. Nd5 Ne5 21.
Nxe7+ Qxe7 22. Rxd6 Nc4 23. R6d4 Nxe3 24. Qxe3 Rfd8 25. f4 Rxd4 26. Rxd4 Qc7
27. e5 a5 28. Qd3 Qc1+ 29. Ka2 {la suite est illisible} Rc4 0-1

[Event "Championnat de la Loire 2024-2025"]
[Site "St Etienne"]
[Date "2024.12.14"]
[Round "4.20"]
[White "Zouak, Fahim"]
[Black "Choquelle, Jean"]
[Result "1-0"]
[WhiteElo "1719"]
[BlackElo "1470"]
[PlyCount "99"]
[EventDate "2024.??.??"]

1. d4 d5 2. e3 Nf6 3. Bd3 Be6 4. f4 c6 5. Nf3 Bd7 6. O-O e6 7. a3 Be7 8. Ne5
O-O 9. Qf3 Be8 10. Nd2 c5 11. c3 c4 12. Bc2 b5 13. g4 Bc6 14. g5 Ne8 15. Qh3 g6
16. Qg4 Ng7 17. Rf3 Nf5 18. Rh3 Kg7 19. Bxf5 exf5 20. Qh4 Rh8 21. Qh6+ Kg8 22.
Ndf3 Bf8 23. Qh4 Qd6 24. Bd2 Be8 25. Qf2 Bg7 26. Rg3 Nc6 27. h4 h6 28. h5 Ne7
29. hxg6 Nxg6 30. gxh6 Rxh6 31. Kg2 Qe7 32. Rh1 Nh4+ 33. Nxh4 Rxh4 34. Rxh4
Qxh4 35. Rxg7+ Kxg7 36. Qxh4 f6 37. Qg3+ Kf8 38. Ng6+ Kf7 39. Nh8+ Ke6 40. Qg8+
Kd7 41. Qf8 Kc7 42. Nf7 Rc8 43. Nd6 Bd7 44. Qxf6 Rg8+ 45. Kf3 Kb6 46. Nxc4+ Kc7
47. Qd6+ Kd8 48. Ne5 Rg7 49. Qf8+ Be8 50. Qxg7 1-0

[Event "Championnat de la Loire 2024-2025"]
[Site "St Etienne"]
[Date "2024.12.14"]
[Round "4.21"]
[White "Taillepierre, Michel"]
[Black "Ruelle, Mathias"]
[Result "0-1"]
[WhiteElo "1519"]
[BlackElo "1399"]
[PlyCount "132"]
[EventDate "2024.??.??"]

1. e4 c6 2. d4 d5 3. e5 c5 4. c3 Nc6 5. h3 e6 6. Nf3 Nge7 7. Bd3 Nf5 8. Be3
Nxe3 9. fxe3 Be7 10. O-O O-O 11. Qc2 h6 12. Qe2 Qb6 13. Na3 c4 14. Bc2 Bxa3 15.
bxa3 Bd7 16. a4 Qc7 17. Nh2 Ne7 18. Qh5 Be8 19. Qh4 Nf5 20. Qf2 Qe7 21. e4 dxe4
22. Bxe4 Bxa4 23. Bxf5 exf5 24. Qxf5 Bd7 25. Qc2 Qg5 26. Rf3 Bc6 27. Rf5 Qe3+
28. Rf2 Be4 29. Qd2 Qxd2 30. Rxd2 Bd5 31. Ng4 b5 32. Ne3 Be4 33. Rb2 Rab8 34.
Ng4 Bf5 35. a3 Bxg4 36. hxg4 a6 37. Re1 Rfd8 38. Kf2 g6 39. e6 f6 40. e7 Re8
41. d5 Rb6 42. Rd2 Rd6 43. Ree2 Kf7 44. Rd1 Rxe7 45. Rxe7+ Kxe7 46. Kf3 Rd7 47.
Ke4 Kd6 48. Kd4 Re7 49. Rf1 Rf7 50. Re1 Re7 51. Rxe7 Kxe7 52. Kc5 f5 53. Kc6
Kd8 54. gxf5 gxf5 55. Kb6 h5 56. Kxa6 f4 57. Kxb5 f3 58. gxf3 h4 59. a4 h3 60.
a5 h2 61. a6 h1=Q 62. a7 Qb1+ 63. Ka6 Qa2+ 64. Kb7 Qb3+ 65. Ka6 Qa4+ 66. Kb6
Kd7 0-1

[Event "Championnat de la Loire 2024-2025"]
[Site "St Etienne"]
[Date "2024.12.14"]
[Round "4.22"]
[White "Dussaut, Quentin"]
[Black "Vindrie, Thimothee"]
[Result "1/2-1/2"]
[WhiteElo "1479"]
[BlackElo "1399"]
[PlyCount "40"]
[EventDate "2024.??.??"]

1. e4 e6 2. Nf3 d5 3. exd5 exd5 4. d4 c5 5. b3 Nc6 6. Be3 Nf6 7. Bd3 cxd4 8.
Nxd4 Nxd4 9. Bxd4 Be7 10. O-O O-O 11. Nc3 Bg4 12. Be2 Bxe2 13. Qxe2 Re8 14. Qf3
a6 15. Rad1 Rc8 16. Rfe1 Bc5 17. Rxe8+ Qxe8 18. Ne2 Bxd4 19. Nxd4 Qe4 20. Qxe4
dxe4 1/2-1/2

[Event "Championnat de la Loire 2024-2025"]
[Site "St Etienne"]
[Date "2024.12.14"]
[Round "4.23"]
[White "Mialon, Franck"]
[Black "Martin, Julien"]
[Result "0-1"]
[WhiteElo "1470"]
[BlackElo "1605"]
[PlyCount "56"]
[EventDate "2024.??.??"]

1. e4 e5 2. Nf3 d6 3. Bc4 Qe7 4. O-O Be6 5. d3 Bxc4 6. dxc4 Nf6 7. Bg5 Qd8 8.
Nc3 Be7 9. Qe2 Nc6 10. Rad1 O-O 11. b4 Nxb4 12. Nxe5 Qc8 13. Bxf6 Bxf6 14. Ng4
Bxc3 15. Qf3 Be5 16. Qh3 Qe6 17. f4 Bf6 18. e5 dxe5 19. fxe5 Be7 20. Qg3 Rad8
21. Nf6+ Bxf6 22. exf6 g6 23. Qh4 Qe3+ 24. Kh1 Rxd1 25. Rxd1 h5 26. Re1 Qh6 27.
g4 Qf4 28. h3 Nxc2 0-1